Presidents That've Been Shot At - Statistics

General Stats
  • This quiz has been taken 47 times
  • The average score is 17 of 20
Answer Stats
Picture Answer % Correct
Abraham Lincoln
100%
Barack Obama
95%
Donald Trump
95%
George H.W. Bush
95%
George W. Bush
95%
Joe Biden
95%
John F. Kennedy
95%
Theodore Roosevelt
95%
Franklin D. Roosevelt
93%
Ronald Reagan
90%
Bill Clinton
88%
Richard Nixon
88%
Andrew Jackson
80%
Harry S. Truman
80%
Herbert Hoover
78%
Jimmy Carter
78%
Gerald Ford
76%
William Howard Taft
76%
William McKinley
73%
James A. Garfield
71%
No matching quizzes found
Score Distribution
Percent of People with Each Score
Percentile by Number Answered
Your Score History
You have not taken this quiz